000 00564nam a2200181Ia 4500
003 GCL
008 140319s9999 xx 000 0 ara d
040 _aGCL /
_cGCL
082 0 4 _a923.1
_bا ت
100 1 _aالياس ابو شبكة
245 1 0 _aتاريخ نابليون بونابرت 1769 - 1821 /
_cالياس ابو شبكة
300 _a415 ص
490 _a
650 0 4 _aبونابرت , نابليون
650 0 4 _aالثورة الفرنسية (1789 - 1804م)
650 0 4 _aفرنسا , تاريخ , العصر الحديث
942 _2ddc
_cBK
999 _c45193
_d45193